000 00205 a2200097 4500
020 _a9788490321980
041 _aspa
100 _aVerne,Jules
245 _aVeinte mil leguas de viaje submarino
942 _cBK
999 _c13730
_d13730